<?xml version="1.0" encoding="UTF-8"?>
<record
    xmlns:xsi="http://www.w3.org/2001/XMLSchema-instance"
    xsi:schemaLocation="http://www.loc.gov/MARC21/slim http://www.loc.gov/standards/marcxml/schema/MARC21slim.xsd"
    xmlns="http://www.loc.gov/MARC21/slim">

  <leader>01280nam a22002657a 4500</leader>
  <controlfield tag="003">KOHA_M&#x130;RAKIL</controlfield>
  <controlfield tag="005">20260415065454.0</controlfield>
  <controlfield tag="008">260415b        tu ||||| |||| 00| 0 tur d</controlfield>
  <datafield tag="040" ind1=" " ind2=" ">
    <subfield code="a">TR-AnABB</subfield>
    <subfield code="b">tur</subfield>
    <subfield code="c">TR-AnABB</subfield>
  </datafield>
  <datafield tag="041" ind1=" " ind2=" ">
    <subfield code="a">tur</subfield>
  </datafield>
  <datafield tag="082" ind1=" " ind2=" ">
    <subfield code="a">306.09566 </subfield>
    <subfield code="b">TUR 1974</subfield>
  </datafield>
  <datafield tag="100" ind1="1" ind2=" ">
    <subfield code="a">T&#xFC;kdo&#x11F;an, Orhan</subfield>
  </datafield>
  <datafield tag="245" ind1="1" ind2="0">
    <subfield code="a">Do&#x11F;u ve insan sorunu /</subfield>
    <subfield code="c">Orhan T&#xFC;rkdo&#x11F;an</subfield>
  </datafield>
  <datafield tag="260" ind1=" " ind2=" ">
    <subfield code="a">Erzurum : </subfield>
    <subfield code="b">Atat&#xFC;rk &#xDC;niversitesi, </subfield>
    <subfield code="c">1974</subfield>
  </datafield>
  <datafield tag="300" ind1=" " ind2=" ">
    <subfield code="a">39 sayfa ; </subfield>
    <subfield code="c">24 cm</subfield>
  </datafield>
  <datafield tag="490" ind1="0" ind2=" ">
    <subfield code="a">Atat&#xFC;rk &#xDC;niversitesi Yay&#x131;nlar&#x131; ;</subfield>
    <subfield code="v">No: 344</subfield>
  </datafield>
  <datafield tag="490" ind1="0" ind2=" ">
    <subfield code="a">&#x130;&#x15F;letme Fak&#xFC;ltesi Yay&#x131;nlar&#x131; ;</subfield>
    <subfield code="v">No: 46</subfield>
  </datafield>
  <datafield tag="490" ind1="0" ind2=" ">
    <subfield code="a">Ara&#x15F;t&#x131;rma serisi ;</subfield>
    <subfield code="v">No: 35</subfield>
  </datafield>
  <datafield tag="504" ind1=" " ind2=" ">
    <subfield code="a">Bibliyografya 36-39 sayfalar&#x131; aras&#x131;ndad&#x131;r.</subfield>
  </datafield>
  <datafield tag="505" ind1=" " ind2=" ">
    <subfield code="a">&#x130;&#xE7;indekiler: B&#xF6;lge kavram&#x131; ve de&#x11F;erlendirmesi - Kalk&#x131;nma i&#xE7;in en uygun g&#xF6;r&#xFC;&#x15F;&#xFC;n tesbiti - Do&#x11F;u b&#xF6;lgesinde sosyal yap&#x131; ve de&#x11F;er sistemi - Sosyal yap&#x131; ve de&#x11F;i&#x15F;me - Do&#x11F;u b&#xF6;lgesinde kalk&#x131;nmay&#x131; etkileyen sosyal yap&#x131; fakt&#xF6;rleri - Sosyo-ekonomik yap&#x131; ve e&#x11F;itim - Zirai End&#xFC;stri sistemi - Do&#x11F;u b&#xF6;lgesinde N&#xFC;fus sorunu - Do&#x11F;u Anadolu b&#xF6;lgesinde sa&#x11F;l&#x131;k sistemi - Sosyo politik sistem ve kalk&#x131;nma</subfield>
  </datafield>
  <datafield tag="650" ind1="0" ind2="4">
    <subfield code="a">Sosyal durum, Do&#x11F;u Anadolu B&#xF6;lgesi</subfield>
  </datafield>
  <datafield tag="650" ind1="0" ind2="4">
    <subfield code="a">Sosyal durum</subfield>
  </datafield>
  <datafield tag="650" ind1="0" ind2="4">
    <subfield code="a">Sosyal durum, T&#xFC;rkiye</subfield>
  </datafield>
  <datafield tag="942" ind1=" " ind2=" ">
    <subfield code="2">ddc</subfield>
    <subfield code="c">BK</subfield>
  </datafield>
  <datafield tag="952" ind1=" " ind2=" ">
    <subfield code="0">0</subfield>
    <subfield code="1">0</subfield>
    <subfield code="2">ddc</subfield>
    <subfield code="7">0</subfield>
    <subfield code="a">RUK</subfield>
    <subfield code="b">RUK</subfield>
    <subfield code="d">2026-04-15</subfield>
    <subfield code="l">0</subfield>
    <subfield code="o">306.09566  TUR 1974</subfield>
    <subfield code="p">RK7080</subfield>
    <subfield code="r">2026-04-15 06:55:21</subfield>
    <subfield code="w">2026-04-15</subfield>
    <subfield code="y">BK</subfield>
  </datafield>
  <datafield tag="999" ind1=" " ind2=" ">
    <subfield code="c">10239</subfield>
    <subfield code="d">10239</subfield>
  </datafield>
  <datafield tag="900" ind1=" " ind2=" ">
    <subfield code="b">Can &#xC7;ELIK</subfield>
  </datafield>
</record>
